000 00627nam a2200193Ia 4500
003 GCL
008 140319s9999 xx 000 0 ara d
040 _aGCL /
_cGCL
082 0 4 _a247
_bع ا
100 1 _aعبدالحسيب طه حميدة
245 1 0 _aادب الشيعة: الى نهاية القرن الثانى الهجرى /
_cعبدالحسيب طه حميدة
260 _a[S.N] :
_bالزهراء للاعلام العربى ،
_c1989
300 _a349 ص
490 _a
650 0 4 _aالفقه الاسلامى
650 0 4 _aالشيعة
650 0 4 _aالمذاهب الاسلامية
942 _2ddc
_cBK
999 _c33519
_d33519